000 00255nam a22001217a 4500
008 260219b ||||| |||| 00| 0 eng d
041 _aShqip
080 _a2.1
100 _a20.1
101 _aRoman
245 _aZanfina
_cRiat Ajazaj
942 _2lcc
_cBK
999 _c60828
_d60828